Normal view MARC view

Entry Personal Name

Number of records used in: 1

001 - CONTROL NUMBER

  • control field: 495

003 - CONTROL NUMBER IDENTIFIER

  • control field: csc

005 - DATE AND TIME OF LATEST TRANSACTION

  • control field: 20140507162050.0

008 - FIXED-LENGTH DATA ELEMENTS

  • fixed length control field: 121120|| aca||aabn | a|a d

040 ## - CATALOGING SOURCE

  • Original cataloging agency: csc
  • Transcribing agency: csc

100 ## - HEADING--PERSONAL NAME

  • Personal name: Lajoie, Josée.

670 ## - SOURCE DATA FOUND

  • Source citation: Work cat.: (csc)285: Lippman, Stanley B. 834, C++ primer /, c2013.